| Поле | Инд. | ПП | Название | Значение |
|---|---|---|---|---|
| Тип записи | a | |||
| Библиографический уровень | m | |||
| 001 | _ | Контрольный номер | RU\infra-m\znanium\bibl\1080953 | |
| 005 | _ | Дата корректировки | 20250915104128.2 | |
| 008 | Кодируемые данные | 191226s2019 RU g rus u | ||
| 020 | a | ISBN | 978-5-288-05902-5 | |
| 040 | a | Служба первич. каталог. | Общество с ограниченной ответственностью «ЗНАНИУМ» | |
| 041 | a | Код языка текста | rus | |
| 044 | a | Код страны публикации | RU | |
| 084 | 2 | Источник индекса | okso | |
| a | Индекс другой классификации/Индекс ББК | 45.04.01 | ||
| 084 | 2 | Источник индекса | okso | |
| a | Индекс другой классификации/Индекс ББК | 45.04.02 | ||
| 084 | 2 | Источник индекса | okso | |
| a | Индекс другой классификации/Индекс ББК | 45.04.03 | ||
| 084 | 2 | Источник индекса | okso | |
| a | Индекс другой классификации/Индекс ББК | 45.06.01 | ||
| 084 | 2 | Источник индекса | okso | |
| a | Индекс другой классификации/Индекс ББК | 45.07.01 | ||
| 084 | 2 | Источник индекса | okso | |
| a | Индекс другой классификации/Индекс ББК | 45.03.01 | ||
| 084 | 2 | Источник индекса | okso | |
| a | Индекс другой классификации/Индекс ББК | 45.03.02 | ||
| 084 | 2 | Источник индекса | okso | |
| a | Индекс другой классификации/Индекс ББК | 45.03.03 | ||
| 100 | 1_ | a | Автор | Захаров Виктор Павлович |
| q | Полное имя | Виктор Павлович | ||
| 245 | a | Заглавие | Моделирование в корпусной лингвистике: специализированные корпусы русского языка | |
| b | Продолж. заглавия | Монография | ||
| c | Ответственность | Санкт-Петербургский государственный университет | ||
| 260 | a | Место издания | СПб | |
| b | Издательство | Издательство Санкт-Петербургского государственного университета | ||
| c | Дата издания | 2019 | ||
| 300 | a | Объем | 208 с. | |
| 520 | a | Аннотация | Монография содержит описание средств и методов, принципов и процедур создания корпусов языков для специальных целей, в том числе для исследования языка и решения практических лексикографических, учебных и других задач. В книге рассмотрены основные параметры специальных корпусов текста, возможности их варьирования и взаимосвязь с типами лингвистических задач. Проведен анализ существующих стандартов корпусной лингвистики, разработаны программные средства морфологической разметки. Книга предназначена для специалистов по корпусной лингвистике, а также для лингвистов, использующих корпусы в своей работе. Может стать подспорьем в преподавании дисциплин, относящихся к автоматизированной обработке текста. | |
| 521 | a | Примеч. о целев. назн. | ВО - Специалитет | |
| 650 | a | Основная рубрика | Филологические науки | |
| x | Основная подрубрика | Прикладное языкознание | ||
| 700 | 1_ | a | Другие авторы | Азарова Ирина Владимировна |
| q | Полное имя | Ирина Владимировна | ||
| 852 | x | Примечание, не предназначенное для пользователя | znanium2022 | |
| 856 | 4_ | a | Имя сервера/домена | znanium.com |
| m | Помощь | ebs_support@infra-m.ru | ||
| n | Местонахождение сервера | НИЦ ИНФРА-М | ||
| u | URL | http://znanium.com/catalog/document?id=353376 | ||
| z | Примечание для пользователя | Участвует в КО | ||
| 856 | 41 | a | Имя сервера/домена | znanium.com |
| d | Путь | /cover/1080 | ||
| f | Электронное имя | 1080953.jpg | ||
| q | Тип электронного формата | image/jpeg | ||
| u | URL | https://znanium.com/cover/1080/1080953.jpg |